| 000 | 00943cab a2200361 4500 | ||
|---|---|---|---|
| 001 | ABS49446 | ||
| 008 | 090401t1993 xxu||||| |||| 00| 0 eng d | ||
| 035 | _a(Sirsi) u71296 | ||
| 041 | _aeng | ||
| 245 | _aCentrefolio : A1(M)/M1 | ||
| 260 | _c1993 | ||
| 350 | _a0 | ||
| 490 |
_aCSW - The Property Week _v45(2) 14 October 1993, 39-61(12) |
||
| 650 | _aA1(M) CORRIDOR | ||
| 650 | _aBUSINESS PARKS | ||
| 650 | _aDUNSTABLE | ||
| 650 | _aHATFIELD | ||
| 650 | _aHERTFORD | ||
| 650 | _aINDUSTRIAL MARKET | ||
| 650 | _aINVESTMENT MARKET | ||
| 650 | _aLUTON | ||
| 650 | _aM1 CORRIDOR | ||
| 650 | _aMENTOR | ||
| 650 | _aMILTON KEYNES | ||
| 650 | _aOCCUPIERS | ||
| 650 | _aPROPERTY-COMMERCIAL PROPERTY-OFFICE PROPERTY-OFFICE PROPERTY MARKET | ||
| 650 | _aST ALBANS | ||
| 650 | _aSTEVENAGE | ||
| 650 | _aWELWYN | ||
| 690 | _aPROPERTY-COMMERCIAL PROPERTY-COMMERCIAL PROPERTY MARKET | ||
| 942 | _n0 | ||
| 948 | _c04/03/1997 | ||
| 999 |
_c44926 _d44926 |
||